[Event "Tournoi des Presidents"]
[Site "Chambly CAN"]
[Date "2025.09.17"]
[Round "2.4"]
[White "Boyer, Pascal"]
[Black "Longpre, Martin"]
[Result "1-0"]
[WhiteElo "1515"]
[BlackElo "1584"]
[WhiteFideId "-1"]
[WhiteFideId "-1"]
[PlyCount "157"]
[GameId "2230372654665760"]
[EventDate "2025.09.10"]
[EventType "swiss"]
[EventRounds "4"]
[EventCountry "CAN"]

1. e4 c6 2. Nf3 d5 3. exd5 cxd5 4. d4 Bg4 5. h3 Bxf3 6. Bb5+ Nc6 7. Qxf3 e6 8. Bxc6+ bxc6 9. Bf4 Bd6 10. Nd2 Bxf4 11. Qxf4 Ne7 12. O-O O-O 13. Nf3 Ng6 14. Qd2 Qd6 15. b3 Rac8 16. c4 a5 17. Rfe1 Rce8 18. Re2 c5 19. dxc5 Qxc5 20. Rc1 Rd8 21. cxd5 Qxd5 22. Qe1 Qa8 23. Rc4 Rd5 24. Qc3 Rfd8 25. Re3 Qb8 26. g3 Ne7 27. Nd4 Rxd4 28. Rxd4 Rxd4 29. Qxd4 Nf5 30. Qe5 Qd8 31. Rd3 Qc8 32. Qxa5 Qc1+ 33. Kh2 h6 34. a4 Qc2 35. Qd2 Qc7 36. Rd8+ Kh7 37. Rd7 Qb8 38. Qd3 Kg6 39. a5 Kf6 40. a6 Qb6 41. Kg1 Nxg3 42. Qd4+ Qxd4 43. Rxd4 Ne2+ 44. Kg2 Nxd4 45. a7 Nxb3 46. a8=Q Nd4 47. Qd8+ Ke5 48. Qc7+ Kf6 49. f4 Nf5 50. Kf3 Kg6 51. Qc2 Kf6 52. Qb2+ Kg6 53. Qb1 Kf6 54. Kg4 Ne3+ 55. Kh5 Nf5 56. Qb2+ Ke7 57. h4 Ng3+ 58. Kg4 Nf5 59. h5 Ne3+ 60. Kf3 Nf5 61. Qh2 Kf6 62. Ke4 Nd6+ 63. Kd4 Nf5+ 64. Kc5 Ke7 65. Kb6 Ke8 66. Kc7 g6 67. hxg6 fxg6 68. Qd2 Ke7 69. Qd8+ Kf7 70. Qh8 h5 71. Kd7 Ng7 72. Qd8 Nf5 73. Qe8+ Kg7 74. Qxe6 h4 75. Qe5+ Kh7 76. Qc3 Ng7 77. Ke7 g5 78. Qf6 gxf4 79. Kf7 1-0

[Event "Tournoi des Presidents"]
[Site "Chambly CAN"]
[Date "2025.09.17"]
[Round "2.5"]
[White "Legault, Jean-Philippe"]
[Black "Bouchard, Alexandre"]
[Result "1-0"]
[WhiteElo "1513"]
[BlackElo "1444"]
[WhiteFideId "-1"]
[WhiteFideId "-1"]
[PlyCount "43"]
[GameId "2230372654665761"]
[EventDate "2025.09.10"]
[EventType "swiss"]
[EventRounds "4"]
[EventCountry "CAN"]

1. d4 Nf6 2. Nf3 g6 3. Bf4 Bg7 4. c3 d5 5. Nbd2 Nbd7 6. Qc2 O-O 7. e4 dxe4 8. Nxe4 Nxe4 9. Qxe4 Nf6 10. Qc2 Bf5 11. Bd3 Bxd3 12. Qxd3 c5 13. O-O cxd4 14. Qxd4 Qxd4 15. Nxd4 Rfe8 16. Be5 Nd5 17. Bxg7 Kxg7 18. Rad1 Rad8 19. Rfe1 Rd7 {Exactitude du coup à valider avec les deux joueurs. Peut-être qu'un autre coup a été joué. (Luc St-Laurent)} 20. Re5 Nf4 21. g3 Rd5 22. gxf4 1-0

[Event "Tournoi des Presidents"]
[Site "Chambly CAN"]
[Date "2025.09.17"]
[Round "2.6"]
[White "Tse, Edwin"]
[Black "Cournoyer, Raphael"]
[Result "1/2-1/2"]
[WhiteElo "1306"]
[BlackElo "1800"]
[WhiteFideId "-1"]
[WhiteFideId "-1"]
[PlyCount "88"]
[GameId "2230372654665762"]
[EventDate "2025.09.10"]
[EventType "swiss"]
[EventRounds "4"]
[EventCountry "CAN"]

1. d4 d5 2. Bg5 Nf6 3. Bxf6 exf6 4. e3 g6 5. c4 Bg7 6. Nc3 dxc4 7. Bxc4 O-O 8. Nge2 c6 9. O-O f5 10. Nf4 a5 11. a4 Na6 12. Qb3 Nb4 13. Rad1 Qg5 14. d5 cxd5 15. Ncxd5 Nc6 16. Nb6 Rb8 17. Nxc8 Rbxc8 18. Qxb7 Ne5 19. Ne6 Qh4 20. Nxf8 Qxc4 21. Nd7 Nxd7 22. Qxd7 Bxb2 23. h3 Rf8 24. Qb5 Qxb5 25. axb5 a4 26. Rb1 a3 27. Rxb2 axb2 28. Rb1 Rb8 29. Rxb2 Kf8 30. Kf1 Ke7 31. Ke2 Kd6 32. Kd3 Kc5 33. e4 f4 34. g3 Rd8+ 35. Ke2 fxg3 36. fxg3 Rd6 37. Kf3 Rb6 38. Kf4 Kd6 39. Kg5 Ke5 40. Rb4 f5 41. exf5 gxf5 42. Rf4 Rg6+ 43. Kh4 Rh6+ 44. Kg5 Rg6+ 1/2-1/2

[Event "Tournoi des Presidents"]
[Site "Chambly CAN"]
[Date "2025.09.17"]
[Round "2.7"]
[White "Choquette, Maxime"]
[Black "Bedard, Michel"]
[Result "1/2-1/2"]
[WhiteElo "1603"]
[BlackElo "1417"]
[WhiteFideId "-1"]
[WhiteFideId "-1"]
[PlyCount "128"]
[GameId "2230372654665763"]
[EventDate "2025.09.10"]
[EventType "swiss"]
[EventRounds "4"]
[EventCountry "CAN"]

1. d4 d5 2. Bf4 Nf6 3. Nd2 Nh5 4. Bg3 Bf5 5. e3 Nxg3 6. hxg3 Qd7 7. Nb3 e6 8. Bd3 Bxd3 9. Qxd3 h6 10. Nf3 f6 11. Nh4 Qf7 12. Ng6 Rg8 13. Nxf8 Rxf8 14. c4 c6 15. cxd5 exd5 16. Rc1 Nd7 17. Qf5 Qe7 18. a3 Kf7 19. Nc5 Nxc5 20. Rxc5 Rae8 21. Qh5+ Kg8 22. Qg6 Kh8 23. Kd2 Qe4 24. Qxe4 Rxe4 25. f3 Re7 26. b4 Rfe8 27. Re1 a6 28. a4 Ra8 29. g4 Kg8 30. e4 dxe4 31. Rxe4 Kf7 32. Rxe7+ Kxe7 33. Rc1 Rd8 34. Ke3 Ke6 35. f4 Kd6 36. g3 Re8+ 37. Kd3 Kd5 38. Rh1 Re4 39. Rh5+ g5 40. Rxh6 Rxd4+ 41. Kc3 Rc4+ 42. Kb3 Re4 43. Rxf6 Re3+ 44. Kb2 Rxg3 45. Rf5+ Ke4 46. fxg5 Rxg4 47. Rf7 b5 48. axb5 axb5 49. Rg7 Kd4 50. Rg6 Kd5 51. Kc3 Rg3+ 52. Kb2 Kc4 53. Rxc6+ Kxb4 54. g6 Rg2+ 55. Kc1 Kb3 56. Rf6 b4 57. Rf3+ Ka4 58. Rf6 b3 59. Ra6+ Kb5 60. Ra8 Rxg6 61. Rb8+ Ka4 62. Ra8+ Kb4 63. Rb8+ Kc3 64. Rc8+ Kd3 1/2-1/2

[Event "Tournoi des Presidents"]
[Site "Chambly CAN"]
[Date "2025.09.17"]
[Round "2.8"]
[White "Dubreuil, Raymond"]
[Black "Evenko, Kirill"]
[Result "0-1"]
[WhiteElo "1424"]
[BlackElo "1543"]
[WhiteFideId "-1"]
[WhiteFideId "-1"]
[PlyCount "90"]
[GameId "2230372654665764"]
[EventDate "2025.09.10"]
[EventType "swiss"]
[EventRounds "4"]
[EventCountry "CAN"]

1. Nf3 Nc6 2. g3 g6 3. Bg2 Bg7 4. Nc3 Nf6 5. O-O d5 6. e3 O-O 7. Rb1 e5 8. d3 Re8 9. Re1 Be6 10. a3 Qd7 11. Bd2 Bg4 12. h3 Bxh3 13. Ng5 Bxg2 14. Kxg2 h6 15. Nf3 e4 16. dxe4 dxe4 17. Ng1 Rad8 18. Re2 Nd5 19. Qe1 Qf5 20. Nxd5 Rxd5 21. Bc3 Bxc3 22. Qxc3 Qe5 23. Qxe5 Nxe5 24. f3 exf3+ 25. Nxf3 Nxf3 26. Kxf3 Red8 27. e4 Rd2 28. Rbe1 Kg7 29. Ke3 Rxe2+ 30. Rxe2 Kf6 31. Kf4 Ke6 32. b3 f6 33. a4 h5 34. Rh2 Rd6 35. g4 g5+ 36. Kg3 h4+ 37. Kf3 Ke5 38. Ke3 Rd4 39. Kf3 Rxe4 40. Rg2 Rf4+ 41. Ke3 h3 42. Rh2 Rxg4 43. Rxh3 f5 44. Kf3 Rc4 45. Rh2 Rc3+ 0-1

[Event "Tournoi des Presidents"]
[Site "Chambly CAN"]
[Date "2025.09.17"]
[Round "2.9"]
[White "Jomphe, Denis"]
[Black "Despres, Alain"]
[Result "0-1"]
[WhiteElo "1378"]
[BlackElo "1479"]
[WhiteFideId "-1"]
[WhiteFideId "-1"]
[PlyCount "36"]
[GameId "2230372654665765"]
[EventDate "2025.09.10"]
[EventType "swiss"]
[EventRounds "4"]
[EventCountry "CAN"]

1. d4 d6 2. Nf3 Nf6 3. g3 b6 4. Bg2 Bb7 5. c4 Nbd7 6. Nc3 e5 7. O-O exd4 8. Qxd4 Be7 9. Re1 O-O 10. e4 Ne5 11. b3 Nxf3+ 12. Bxf3 Re8 13. Nd5 Nxd5 14. exd5 Bf6 15. Bg5 Bxg5 16. Be4 Bf6 17. Bxh7+ Kxh7 18. Qd3+ Kg8 0-1

[Event "Tournoi des Presidents"]
[Site "Chambly CAN"]
[Date "2025.09.24"]
[Round "3.1"]
[White "Mok, Yuen Tak"]
[Black "Weston, Paul"]
[Result "1/2-1/2"]
[WhiteElo "2086"]
[BlackElo "1793"]
[WhiteFideId "-1"]
[WhiteFideId "-1"]
[PlyCount "66"]
[GameId "2230372654665777"]
[EventDate "2025.09.10"]
[EventType "swiss"]
[EventRounds "4"]
[EventCountry "CAN"]

1. e4 c5 2. Nf3 Nc6 3. Bb5 g6 4. O-O Bg7 5. c3 a6 6. Bxc6 dxc6 7. Qe2 e5 8. d3 Ne7 9. Be3 b6 10. Rd1 Qc7 11. d4 cxd4 12. cxd4 exd4 13. Bxd4 Bxd4 14. Nxd4 c5 15. Nf3 O-O 16. Nc3 Bb7 17. Rd2 Rad8 18. Rad1 b5 19. Qe3 c4 20. a3 Rxd2 21. Qxd2 Bc6 22. h4 f5 23. Nd4 Rd8 24. Ne6 Rxd2 25. Nxc7 Rxd1+ 26. Nxd1 a5 27. e5 f4 28. Ne6 f3 29. g3 b4 30. axb4 axb4 31. Kf1 Ba4 32. Ke1 Nc6 33. Ne3 Nxe5 1/2-1/2

[Event "Tournoi des Presidents"]
[Site "Chambly CAN"]
[Date "2025.09.24"]
[Round "3.2"]
[White "Cousineau, Francois"]
[Black "Boyer, Pascal"]
[Result "1-0"]
[WhiteElo "1796"]
[BlackElo "1515"]
[WhiteFideId "-1"]
[WhiteFideId "-1"]
[PlyCount "57"]
[GameId "2230372654665778"]
[EventDate "2025.09.10"]
[EventType "swiss"]
[EventRounds "4"]
[EventCountry "CAN"]

1. e4 c5 2. Nf3 Nc6 3. d4 cxd4 4. Nxd4 e6 5. b3 a6 6. Bb2 Nf6 7. Qe2 d5 8. exd5 Nxd5 9. Nxc6 bxc6 10. g3 a5 11. Bg2 Ba6 12. c4 Bb4+ 13. Nd2 Qg5 14. a3 Bxd2+ 15. Qxd2 Qxd2+ 16. Kxd2 Ne7 17. a4 O-O 18. Kc2 Rfd8 19. Rad1 f6 20. Bc3 Rdc8 21. f4 Ra7 22. Rhe1 Kf7 23. Rd6 Nf5 24. Rdxe6 c5 25. Bh3 Nd4+ 26. Bxd4 cxd4 27. Rxa6 Rxc4+ 28. bxc4 Rxa6 29. Kd3 1-0

[Event "Tournoi des Presidents"]
[Site "Chambly CAN"]
[Date "2025.09.24"]
[Round "3.3"]
[White "Gagnon, Gabriel"]
[Black "Milette, Patrick"]
[Result "1-0"]
[WhiteElo "1811"]
[BlackElo "1719"]
[WhiteFideId "-1"]
[WhiteFideId "-1"]
[PlyCount "29"]
[GameId "2230372654665779"]
[EventDate "2025.09.10"]
[EventType "swiss"]
[EventRounds "4"]
[EventCountry "CAN"]

1. e4 g6 2. Nc3 Bg7 3. f4 c6 4. Bc4 b5 5. Bb3 a5 6. a3 Qb6 7. Nf3 d6 8. d4 Bg4 9. Bxf7+ Kf8 10. Bb3 Bxf3 11. Qxf3 Bxd4 12. f5 Nf6 13. Bh6+ Ke8 14. Bg7 Rg8 15. Bxf6 1-0

[Event "Tournoi des Presidents"]
[Site "Chambly CAN"]
[Date "2025.09.24"]
[Round "3.4"]
[White "Evenko, Kirill"]
[Black "Tse, Chun Wing"]
[Result "0-1"]
[WhiteElo "1543"]
[BlackElo "1777"]
[WhiteFideId "-1"]
[WhiteFideId "-1"]
[PlyCount "100"]
[GameId "2230372654665780"]
[EventDate "2025.09.10"]
[EventType "swiss"]
[EventRounds "4"]
[EventCountry "CAN"]

1. e4 c6 2. d4 d5 3. exd5 cxd5 4. Bd3 Nc6 5. c3 Nf6 6. Nf3 Bg4 7. h3 Bh5 8. Nbd2 e6 9. g4 Bg6 10. Bxg6 hxg6 11. Ne5 Be7 12. g5 Nxe5 13. dxe5 Nd7 14. Nf3 Nc5 15. Be3 Ne4 16. Qa4+ Kf8 17. h4 a6 18. O-O-O b5 19. Qb3 Qc7 20. Kb1 a5 21. Bd4 Bc5 22. Qxb5 Bxd4 23. Nxd4 Rb8 24. Qd3 Nxc3+ 25. Ka1 Nxd1 26. Qxd1 Qxe5 27. Qa4 Kg8 28. Nb3 Qxg5 29. Qxa5 Rxh4 30. Rc1 Rhb4 31. Qc5 Qf5 32. Qa7 R4b7 33. Qa4 Qxf2 34. Qa3 Qe3 35. Rc3 Qe1+ 36. Rc1 Qb4 37. Qa6 d4 38. Rc4 Qe1+ 39. Rc1 Qe3 40. Qf1 Ra7 41. Nc5 Rc7 42. Re1 Qd2 43. Re2 Qa5 44. Nd3 Rbc8 45. Re5 Qxe5 46. a3 Qe3 47. Ka2 Rc2 48. Nb4 Qe2 49. Qb1 Qc4+ 50. Ka1 Rc1 0-1

[Event "Tournoi des Presidents"]
[Site "Chambly CAN"]
[Date "2025.09.24"]
[Round "3.5"]
[White "Despres, Alain"]
[Black "Kerhuel-Lefebvre, Stephane"]
[Result "1/2-1/2"]
[WhiteElo "1479"]
[BlackElo "1645"]
[WhiteFideId "-1"]
[WhiteFideId "-1"]
[PlyCount "66"]
[GameId "2230372654665781"]
[EventDate "2025.09.10"]
[EventType "swiss"]
[EventRounds "4"]
[EventCountry "CAN"]

1. d4 Nf6 2. Nf3 g6 3. c4 d6 4. e3 Bg7 5. Nc3 O-O 6. Be2 Nbd7 7. O-O c5 8. d5 Nb6 9. Rb1 Bf5 10. Bd3 Bg4 11. h3 Bd7 12. e4 Nh5 13. Re1 e5 14. b4 cxb4 15. Rxb4 Rc8 16. Be3 f5 17. Bxb6 axb6 18. Qb3 fxe4 19. Bxe4 Nf6 20. Rxb6 Nxe4 21. Nxe4 Bxh3 22. Rxd6 Bd7 23. Nfg5 Qc7 24. c5 Bf5 25. Ne6 Qa5 26. Re2 Rfe8 27. Qxb7 Bxe6 28. Rxe6 Rb8 29. Rxe8+ Rxe8 30. d6 Qa3 31. d7 Qc1+ 32. Kh2 Qh6+ 33. Kg3 Qf4+ 1/2-1/2

[Event "Tournoi des Presidents"]
[Site "Chambly CAN"]
[Date "2025.09.24"]
[Round "3.6"]
[White "Kelly, Patrick"]
[Black "Poirier, Dany"]
[Result "1-0"]
[WhiteElo "1637"]
[BlackElo "1343"]
[WhiteFideId "-1"]
[WhiteFideId "-1"]
[PlyCount "59"]
[GameId "2230372654665782"]
[EventDate "2025.09.10"]
[EventType "swiss"]
[EventRounds "4"]
[EventCountry "CAN"]

1. e4 e5 2. Bc4 Nc6 3. Nc3 Nf6 4. d3 Bc5 5. f4 d6 6. f5 h6 7. Nf3 a6 8. a3 Nd4 9. Nxd4 Bxd4 10. Nd5 c6 11. Nxf6+ Qxf6 12. c3 Ba7 13. Qf3 b5 14. Ba2 Bb7 15. Be3 Bxe3 16. Qxe3 O-O 17. O-O c5 18. Rf3 Rad8 19. Raf1 d5 20. Rg3 d4 21. Qc1 Rc8 22. Rg6 Qh4 23. f6 Rc7 24. Rf3 c4 25. Rxg7+ Kh8 26. Rh3 Qxf6 27. Rxh6+ Kxg7 28. Rxf6 Kxf6 29. cxd4 exd4 30. Qf4+ 1-0

[Event "Tournoi des Presidents"]
[Site "Chambly CAN"]
[Date "2025.09.24"]
[Round "3.7"]
[White "Longpre, Martin"]
[Black "Tse, Edwin"]
[Result "1/2-1/2"]
[WhiteElo "1584"]
[BlackElo "1306"]
[WhiteFideId "-1"]
[WhiteFideId "-1"]
[PlyCount "119"]
[GameId "2230372654665783"]
[EventDate "2025.09.10"]
[EventType "swiss"]
[EventRounds "4"]
[EventCountry "CAN"]

1. e4 c6 2. d4 d5 3. e5 Bf5 4. Nf3 e6 5. Be2 c5 6. c3 Nc6 7. O-O Qb6 8. Re1 cxd4 9. cxd4 Bb4 10. Nc3 Nge7 11. a3 Bxc3 12. bxc3 O-O 13. Nh4 Rfc8 14. Nxf5 Nxf5 15. Bd2 Rc7 16. Rb1 Qa5 17. Rb3 a6 18. Bd3 Nce7 19. g4 Nh4 20. Be2 Qa4 21. Qb1 Qc6 22. Qb2 b5 23. Ra1 h6 24. a4 bxa4 25. Rb6 Qd7 26. Qb4 Rf8 27. Rxa6 Rb7 28. Qxa4 Qxa4 29. R6xa4 Rb2 30. R4a2 Rb3 31. Kf1 Neg6 32. f4 f5 33. Ra8 Rb1+ 34. Rxb1 Rxa8 35. Kf2 Rf8 36. Kg3 fxg4 37. Bxg4 Nf5+ 38. Bxf5 Rxf5 39. c4 dxc4 40. Rc1 Nf8 41. Rxc4 g5 42. Rc7 gxf4+ 43. Bxf4 h5 44. Bh6 Nh7 45. Rg7+ Kh8 46. Re7 Ng5 47. Bxg5 Rxg5+ 48. Kh4 Rg4+ 49. Kxh5 Rxd4 50. Rxe6 Kg7 51. Rd6 Re4 52. e6 Re5+ 53. Kg4 Kf6 54. h4 Rxe6 55. Rd4 Re5 56. h5 Kg7 57. Rd6 Kh7 58. Rg6 Ra5 59. Rf6 Ra4+ 60. Rf4 1/2-1/2

[Event "Tournoi des Presidents"]
[Site "Chambly CAN"]
[Date "2025.09.24"]
[Round "3.8"]
[White "Bedard, Michel"]
[Black "Dubreuil, Raymond"]
[Result "1-0"]
[WhiteElo "1417"]
[BlackElo "1424"]
[WhiteFideId "-1"]
[WhiteFideId "-1"]
[PlyCount "75"]
[GameId "2230372654665784"]
[EventDate "2025.09.10"]
[EventType "swiss"]
[EventRounds "4"]
[EventCountry "CAN"]

1. d4 e6 2. Nc3 Nf6 3. Bf4 Bb4 4. e3 O-O 5. Bd3 d6 6. Nge2 Nd5 7. Bg3 Nxc3 8. bxc3 Ba5 9. O-O Nd7 10. c4 Nb6 11. c3 Bd7 12. Qb3 c5 13. Qa3 Ba4 14. e4 Rc8 15. Rab1 Bc2 16. Bxc2 Nxc4 17. Qc1 cxd4 18. Rd1 dxc3 19. Bxd6 Nxd6 20. e5 Qh4 21. Rxd6 Qh5 22. Qe3 Bb6 23. Qe4 Bc7 24. Ng3 Qh6 25. Rd7 f5 26. Qd4 Bb6 27. Qd3 Qf4 28. Qe2 Rcd8 29. Rxg7+ Kh8 30. Nh5 Qd2 31. Re1 Qh6 32. Rd1 Rd2 33. Rxd2 cxd2 34. Rxb7 Rg8 35. Nf6 Rxg2+ 36. Kxg2 Qg5+ 37. Kh1 d1=Q+ 38. Bxd1 1-0

[Event "Tournoi des Presidents"]
[Site "Chambly CAN"]
[Date "2025.10.01"]
[Round "4.1"]
[White "Mok, Yuen Tak"]
[Black "Cousineau, Francois"]
[Result "0-1"]
[WhiteElo "2086"]
[BlackElo "1796"]
[WhiteFideId "-1"]
[WhiteFideId "-1"]
[PlyCount "156"]
[GameId "2230372654665796"]
[EventDate "2025.09.10"]
[EventType "swiss"]
[EventRounds "4"]
[EventCountry "CAN"]

1. e4 c5 2. Nf3 Nc6 3. d4 cxd4 4. Nxd4 g6 5. c4 Nf6 6. Nc3 d6 7. Be2 Nxd4 8. Qxd4 Bg7 9. O-O O-O 10. Qd3 Nd7 11. Bg5 Ne5 12. Qd2 Be6 13. Nd5 Bxd5 14. cxd5 Nd7 15. Rfe1 Nf6 16. Bd3 Qd7 17. a4 Rfc8 18. h3 Qd8 19. a5 Nd7 20. Rec1 Rxc1+ 21. Rxc1 Nc5 22. Qc2 Bxb2 23. Rb1 Bg7 24. Bf1 Rc8 25. Rc1 h6 26. Bd2 b6 27. a6 Qd7 28. Be3 g5 29. Qc4 Rf8 30. Be2 Qc8 31. Rc2 f5 32. exf5 Qxf5 33. Bg4 Qe5 34. Re2 Qa1+ 35. Kh2 Qxa6 36. Qxa6 Nxa6 37. Ra2 Nc5 38. Rxa7 Bf6 39. Be2 Rb8 40. Bb5 Kf7 41. h4 Kg6 42. hxg5 hxg5 43. g3 Kf5 44. Ra2 Ke4 45. Rd2 Ra8 46. Rd1 Ra5 47. Bf1 g4 48. Be2 Kf5 49. Rb1 Ra2 50. Bd1 Ne4 51. Kg2 Nc3 52. Rc1 Nxd5 53. Bb3 Nxe3+ 54. Kg1 Rb2 55. Bg8 Bd4 56. Bh7+ Kf6 57. Rc8 Nd5 58. Be4 Ke6 59. Rf8 Nf6 60. Bb7 Bxf2+ 61. Kf1 Bxg3 62. Ra8 Be5 63. Ra3 g3 64. Bg2 Kf5 65. Rf3+ Kg5 66. Rd3 Ng4 67. Bd5 Nh2+ 68. Kg1 Rb1+ 69. Kg2 Rb2+ 70. Kg1 Ng4 71. Bf3 Nf2 72. Ra3 Nh3+ 73. Kf1 Rb1+ 74. Kg2 Kh4 75. Be4 Nf4+ 76. Kf3 g2 77. Ra8 g1=Q 78. Rh8+ Bxh8 0-1

[Event "Tournoi des Presidents"]
[Site "Chambly CAN"]
[Date "2025.10.01"]
[Round "4.2"]
[White "Weston, Paul"]
[Black "Tse, Chun Wing"]
[Result "0-1"]
[WhiteElo "1793"]
[BlackElo "1777"]
[WhiteFideId "-1"]
[WhiteFideId "-1"]
[PlyCount "100"]
[GameId "2230372654665797"]
[EventDate "2025.09.10"]
[EventType "swiss"]
[EventRounds "4"]
[EventCountry "CAN"]

1. d4 Nf6 2. Nf3 g6 3. g3 Bg7 4. Bg2 O-O 5. O-O d6 6. c4 c5 7. Nc3 Nc6 8. h3 a6 9. b3 cxd4 10. Nxd4 Nxd4 11. Qxd4 Ne4 12. Qd3 Nxc3 13. Bb2 Qa5 14. g4 d5 15. cxd5 Nb5 16. Bxg7 Kxg7 17. a4 Nd6 18. e4 f6 19. f4 Nf7 20. e5 b5 21. d6 Qb6+ 22. Kh2 Ra7 23. axb5 axb5 24. Rxa7 Qxa7 25. Qc3 exd6 26. exf6+ Kg8 27. g5 Re8 28. Re1 Bd7 29. Re7 Rxe7 30. fxe7 Be8 31. Qf6 Qc5 32. h4 Qf5 33. Qxf5 gxf5 34. Bh3 Nh8 35. Bxf5 Ng6 36. Be6+ Kh8 37. f5 Nxe7 38. f6 Ng6 39. f7 Bc6 40. b4 Nf8 41. Bb3 Kg7 42. h5 d5 43. Kg3 Kxf7 44. g6+ hxg6 45. hxg6+ Nxg6 46. Kf2 Ke6 47. Ke3 Ke5 48. Bc2 d4+ 49. Kd2 Nf4 50. Bh7 Nd5 0-1

[Event "Tournoi des Presidents"]
[Site "Chambly CAN"]
[Date "2025.10.01"]
[Round "4.3"]
[White "Boyer, Pascal"]
[Black "Kelly, Patrick"]
[Result "1-0"]
[WhiteElo "1515"]
[BlackElo "1637"]
[WhiteFideId "-1"]
[WhiteFideId "-1"]
[PlyCount "93"]
[GameId "2230372654665798"]
[EventDate "2025.09.10"]
[EventType "swiss"]
[EventRounds "4"]
[EventCountry "CAN"]

1. e4 e5 2. Nf3 Nc6 3. Bc4 Nf6 4. Nc3 Nxe4 5. Bxf7+ Kxf7 6. Nxe4 Be7 7. d4 exd4 8. Nxd4 Nxd4 9. Qxd4 d5 10. Nc3 Re8 11. O-O c6 12. Bd2 Bd6 13. Rae1 Bf5 14. Rxe8 Qxe8 15. Nxd5 Qe5 16. Qxe5 Bxe5 17. Ne3 Be6 18. b3 Rd8 19. Rd1 a6 20. Kf1 Kg6 21. h3 Rf8 22. Ke2 b5 23. Bb4 Re8 24. Bd6 Bf6 25. Kf3 Bg5 26. Bc5 h5 27. Rd6 Kf7 28. Rxc6 Bxe3 29. Rc7+ Kg8 30. Bxe3 Bd5+ 31. Kg3 Re6 32. h4 Re4 33. Bf4 Re1 34. Rc5 Rd1 35. c4 bxc4 36. bxc4 Bf7 37. Rc8+ Kh7 38. Rc7 Kg8 39. c5 Bxa2 40. c6 Rd3+ 41. f3 g6 42. Ra7 Rc3 43. c7 Bd5 44. Rxa6 Kf7 45. Be5 Rc2 46. Rf6+ Ke8 47. Rxg6 1-0

[Event "Tournoi des Presidents"]
[Site "Chambly CAN"]
[Date "2025.10.01"]
[Round "4.4"]
[White "Milette, Patrick"]
[Black "Despres, Alain"]
[Result "1-0"]
[WhiteElo "1719"]
[BlackElo "1479"]
[WhiteFideId "-1"]
[WhiteFideId "-1"]
[PlyCount "51"]
[GameId "2230372654665799"]
[EventDate "2025.09.10"]
[EventType "swiss"]
[EventRounds "4"]
[EventCountry "CAN"]

1. Nf3 Nf6 2. c4 e6 3. g3 c6 4. Bg2 d5 5. O-O Nbd7 6. b3 Be7 7. Bb2 b6 8. d3 Bb7 9. Nbd2 Qc7 10. Rc1 O-O 11. cxd5 exd5 12. Nd4 g6 13. e4 dxe4 14. dxe4 Ne5 15. Nc4 Nxc4 16. Rxc4 c5 17. Re1 Rad8 18. Qc1 Qd7 19. Nf3 Ba6 20. e5 Nd5 21. Qh6 f6 22. Rh4 Bd6 23. exd6 Rde8 24. Bh3 Rxe1+ 25. Nxe1 Qg7 26. Be6+ 1-0

[Event "Tournoi des Presidents"]
[Site "Chambly CAN"]
[Date "2025.10.01"]
[Round "4.5"]
[White "Kerhuel-Lefebvre, Stephane"]
[Black "Bedard, Michel"]
[Result "1/2-1/2"]
[WhiteElo "1645"]
[BlackElo "1417"]
[WhiteFideId "-1"]
[WhiteFideId "-1"]
[PlyCount "98"]
[GameId "2230372654665800"]
[EventDate "2025.09.10"]
[EventType "swiss"]
[EventRounds "4"]
[EventCountry "CAN"]

1. Nf3 d5 2. g3 Nf6 3. Bg2 Bf5 4. O-O h6 5. c4 c6 6. cxd5 cxd5 7. Qb3 Qc7 8. d4 Nbd7 9. Nc3 e6 10. Bf4 Qb6 11. Nb5 Rc8 12. Rac1 Rc6 13. Nc7+ Kd8 14. Nb5 a6 15. Rxc6 Qxc6 16. Nc3 Qb6 17. Qxb6+ Nxb6 18. Rc1 Nc4 19. b3 Nd6 20. Na4 Nd7 21. Bd2 Nb5 22. Nc5 Bxc5 23. dxc5 Ke7 24. a4 Na7 25. Nd4 g6 26. h3 g5 27. Nxf5+ exf5 28. Bxd5 Nc6 29. e3 Rd8 30. Bxc6 bxc6 31. Ba5 Rc8 32. Rd1 f6 33. Kf1 Nf8 34. Bb6 Ne6 35. Ke2 Nc7 36. Bxc7 Rxc7 37. Rd6 a5 38. g4 fxg4 39. hxg4 Rc8 40. Kf3 Kf7 41. Rd7+ Ke6 42. Ra7 Rb8 43. Rxa5 Rxb3 44. Ra8 Kd5 45. a5 Kxc5 46. a6 Ra3 47. a7 Kb6 48. Rf8 Rxa7 49. Rxf6 Kb5 {Le reste de la partie est illisible sur les feuilles. La partie s'est terminée par une nulle vers le 67e coup.} 1/2-1/2

[Event "Tournoi des Presidents"]
[Site "Chambly CAN"]
[Date "2025.10.01"]
[Round "4.6"]
[White "Tse, Edwin"]
[Black "Legault, Jean-Philippe"]
[Result "1/2-1/2"]
[WhiteElo "1306"]
[BlackElo "1513"]
[WhiteFideId "-1"]
[WhiteFideId "-1"]
[PlyCount "88"]
[GameId "2230372654665801"]
[EventDate "2025.09.10"]
[EventType "swiss"]
[EventRounds "4"]
[EventCountry "CAN"]

1. d4 d5 2. Bg5 Nf6 3. Bxf6 gxf6 4. e3 Bf5 5. c4 Bxb1 6. Qxb1 c6 7. Nf3 h5 8. cxd5 Qa5+ 9. b4 Qxd5 10. Bd3 Rg8 11. Be4 Qb5 12. Bd3 Qd5 13. Be4 Qd6 14. O-O e6 15. Rc1 f5 16. Bxf5 exf5 17. Qxf5 Qe6 18. Qxh5 Nd7 19. h3 Nf6 20. Qh4 Be7 21. Ng5 Qd5 22. f4 Ne4 23. Qh7 O-O-O 24. Qxe4 Bxg5 25. Qxd5 Rxd5 26. fxg5 Rdxg5 27. g4 f5 28. a3 fxg4 29. hxg4 Rxg4+ 30. Kf2 Rf8+ 31. Ke2 Kd7 32. Rc3 Rf5 33. Rh1 Kc7 34. Rh7+ Kb6 35. Kd3 a5 36. Rc5 Rf1 37. bxa5+ Ka6 38. Rh8 Ka7 39. Re8 Rb1 40. Rc3 Rb5 41. Rc5 Rb3+ 42. Kc4 Rxa3 43. e4 Rgg3 44. Rf5 Rgc3+ 1/2-1/2

[Event "Tournoi des Presidents"]
[Site "Chambly CAN"]
[Date "2025.10.01"]
[Round "4.7"]
[White "Jomphe, Denis"]
[Black "Longpre, Martin"]
[Result "1/2-1/2"]
[WhiteElo "1378"]
[BlackElo "1584"]
[WhiteFideId "-1"]
[WhiteFideId "-1"]
[PlyCount "61"]
[GameId "2230372654665802"]
[EventDate "2025.09.10"]
[EventType "swiss"]
[EventRounds "4"]
[EventCountry "CAN"]

1. d4 d5 2. c4 c6 3. Nc3 Nf6 4. Nf3 Bf5 5. Nh4 Bg6 6. Nxg6 hxg6 7. e3 e6 8. Qb3 Qc7 9. Bd2 dxc4 10. Bxc4 b5 11. Bd3 Rxh2 12. Rg1 Bd6 13. Rc1 Qb7 14. Ne4 Be7 15. Ke2 Kf8 16. Nxf6 gxf6 17. Be4 a6 18. Rc2 Ra7 19. Rgc1 Qd7 20. Ba5 Kg7 21. a3 f5 22. Bf3 g5 23. g3 Bd6 24. Kf1 g4 25. Bg2 Bc7 26. Bc3 Kg6 27. Kg1 Rh7 28. Bb4 Bd6 29. Ba5 Bc7 30. Bb4 Bd6 31. Ba5 1/2-1/2

[Event "Tournoi des Presidents"]
[Site "Chambly CAN"]
[Date "2025.10.01"]
[Round "4.8"]
[White "Poirier, Dany"]
[Black "Evenko, Kirill"]
[Result "1-0"]
[WhiteElo "1343"]
[BlackElo "1543"]
[WhiteFideId "-1"]
[WhiteFideId "-1"]
[PlyCount "75"]
[GameId "2230372654665803"]
[EventDate "2025.09.10"]
[EventType "swiss"]
[EventRounds "4"]
[EventCountry "CAN"]

1. e4 e5 2. Nf3 Nc6 3. Bc4 Bc5 4. c3 Nf6 5. d4 exd4 6. cxd4 Bb4+ 7. Nc3 Nxe4 8. O-O Bxc3 9. bxc3 d5 10. Re1 O-O 11. Bd3 f5 12. Bb2 Be6 13. Rc1 Bf7 14. Ba3 Re8 15. c4 dxc4 16. Bxc4 Bxc4 17. Rxc4 Qd7 18. Rc2 Rad8 19. Bb2 Ne5 20. Nxe5 Rxe5 21. f3 Qa4 22. fxe4 fxe4 23. Rxc7 Qb5 24. Qb3+ Qxb3 25. axb3 Rb5 26. Re3 Rf8 27. h3 a5 28. Rc5 Rxc5 29. dxc5 Rc8 30. Bd4 a4 31. b4 a3 32. Rxa3 Rd8 33. Bf2 Rd1+ 34. Kh2 Rb1 35. Ra4 Rb3 36. Ra8+ Kf7 37. Rb8 Rxb4 38. c6 1-0